English phonetics and phonology : an introduction
Сохранить в:
| Главный автор: | |
|---|---|
| Формат: | Sách |
| Язык: | Undetermined |
| Опубликовано: |
Wiley-Blackwell
2013
|
| Предметы: | |
| Метки: |
Добавить метку
Нет меток, Требуется 1-ая метка записи!
|
| Thư viện lưu trữ: | Trung tâm Thư viện - Trường Đại học Công nghiệp TP. Hồ Chí Minh |
|---|
| LEADER | 00534nam a2200157Ia 4500 | ||
|---|---|---|---|
| 001 | UIH_07501 | ||
| 008 | 231011s9999 xx 000 0 und d | ||
| 082 | |a 421.5 | ||
| 100 | |a Carr, Philip | ||
| 245 | 0 | |a English phonetics and phonology : an introduction | |
| 245 | 0 | |c Carr, Philip | |
| 260 | |b Wiley-Blackwell | ||
| 260 | |c 2013 | ||
| 650 | |a English language; English language; Ngôn ngữ tiếng Anh; | ||
| 927 | |a Sách | ||
| 980 | |a Trung tâm Thư viện - Trường Đại học Công nghiệp TP. Hồ Chí Minh | ||